Everton FC Squad 2025-2026 - Statistics

General Stats
  • This quiz has been taken 298 times
    62 since last reset
  • The average score is 19 of 27
Answer Stats
# Position Nation Player % Correct
1 GK England Jordan Pickford
100%
11 FW France Thierno Barry
100%
9 FW Guinea-Bissau Beto
97%
16 DF Ukraine Vitaliy Mykolenko
97%
10 FW Senegal Iliman Ndiaye
95%
15 DF Ireland Jake O'Brien
95%
6 DF England James Tarkowski
92%
5 DF England Michael Keane
92%
27 MF Senegal Idrissa Gueye
89%
18 FW England Jack Grealish
87%
- Coach Scotland David Moyes
84%
7 FW England Dwight McNeil
84%
23 DF Ireland Séamus Coleman
84%
37 MF England James Garner
82%
22 MF England Kiernan Dewsbury-Hall
82%
24 MF Argentina Carlos Alcaraz
74%
2 DF Scotland Nathan Patterson
71%
32 DF England Jarrad Branthwaite
66%
39 DF Morocco Adam Aznou
50%
42 MF England Tim Iroegbunam
50%
12 GK Ireland Mark Travers
47%
34 MF Germany Merlin Röhl
47%
20 FW England Tyler Dibling
39%
19 FW England Tyrique George
39%
45 MF England Harrison Armstrong
26%
31 GK Wales Tom King
26%
53 GK England Harry Tyrer
13%
No matching quizzes found
Score Distribution
Percent of People with Each Score
Percentile by Number Answered
Your Score History
You have not taken this quiz since the last reset